Contabilidad industrial / (Record no. 145370)

MARC details
000 -LEADER
campo de control de longitud fija 00728nam a2200205 4500
001 - NÚMERO DE CONTROL
campo de control 145370
003 - IDENTIFICADOR DE NÚMERO DE CONTROL
campo de control ES-MaACL
007 - CAMPO FIJO DE DESCRIPCIÓN FÍSICA--INFORMACIÓN GENERAL
campo de control de longitud fija t|
008 - DATOS DE LONGITUD FIJA--INFORMACIÓN GENERAL
campo de control de longitud fija 070214s1949 sp r ||||1| spa d
100 1# - ENTRADA PRINCIPAL--NOMBRE DE PERSONA
Nombre de persona Specthrie, Samuel Waldo.
9 (RLIN) 107664
245 10 - MENCIÓN DEL TÍTULO
Título Contabilidad industrial /
Mención de responsabilidad, etc. Samuel Waldo Specthrie ; traducción de Jorge Serra Murtra ; bajo la dirección de Fernando Boter Mauri.
260 ## - PUBLICACIÓN, DISTRIBUCIÓN, ETC.
Lugar de publicación, distribución, etc. Barcelona :
Nombre del editor, distribuidor, etc. Labor,
Fecha de publicación, distribución, etc. 1949.
300 ## - DESCRIPCIÓN FÍSICA
Extensión XVI, 228 p. :
Otras características físicas il. ;
Dimensiones 23 cm.
490 1# - MENCIÓN DE SERIE
Mención de serie Biblioteca de comercio labor
700 1# - ENTRADA AGREGADA--NOMBRE PERSONAL
Nombre de persona Serra Murtra, Jorge.
9 (RLIN) 105646
700 1# - ENTRADA AGREGADA--NOMBRE PERSONAL
Nombre de persona Boter Mauri, Fernando.
9 (RLIN) 30764
830 00 - PUNTO DE ACCESO ADICIONAL DE SERIE-TÍTULO UNIFORME
Título uniforme Biblioteca de comercio Labor
9 (RLIN) 187253
852 ## - LOCALIZACIÓN
Ubicación ES-MaACL
Número de control de estantería B-1884
Sublocalización o colección R.28881
Holdings
Estatus retirado Estado de pérdida Estado de daño No para préstamo Biblioteca de origen Biblioteca actual Ubicación en estantería Fecha de adquisición Fuente de adquisición Total de préstamos Signatura topográfica completa Código de barras Visto por última vez Precio de reemplazo Tipo de ítem Koha
        Biblioteca del Ateneo de Madrid Biblioteca del Ateneo de Madrid Sala Pardo Bazán 17/01/2008     B-1884 1151743 23/02/2023 23/02/2023 Libro impreso